|
|
|
|
| LEADER |
00810nam a2200253 a 4500 |
| 001 |
adlib96000001 |
| 003 |
ViArRB |
| 005 |
20151026132011.0 |
| 008 |
960221s1955 dcuabcdjdbkoqu001 0deng d |
| 020 |
|
|
|a 0-415-28607-7
|
| 022 |
|
|
|
| 040 |
|
|
|a Adlib
|
| 082 |
|
|
|a 911:681.516
|
| 245 |
|
|
|a GIS for water resources and watershed management
|
| 250 |
|
|
|
| 260 |
|
|
|a London
|b Taylor And Francis
|c 2003
|
| 300 |
|
|
|a xv, 266p.
|
| 500 |
|
|
|a
|
| 100 |
|
|
|a Lyon, John G.
|e Ed. by
|
| 700 |
|
|
|
| 942 |
|
|
|c BK
|6 _
|
| 653 |
|
|
|a GIS
|a georgraphical ionformation systems
|a Geographical information systems
|a Geographic Information System
|a Watershed management
|a Water resources
|
| 999 |
|
|
|c 39839
|d 39839
|
| 952 |
|
|
|0 0
|1 0
|4 0
|6 911681516_LYO
|7 0
|9 51735
|a UL
|b UL
|d 2010-06-16
|o 911:681.516 LYO
|p 00051141
|r 2010-06-16
|w 2010-06-16
|y BK
|